The Century handbook of writing /

Bibliographic Details
Main Author: Greever, Garland, 1883-1967
Other Authors: Jones, Easley S. (Easley Stephen), 1884-1947
Format: Book
Language:English
Published: New York : Appleton-Century-Crofts, [1942]
Edition:4th ed.
Subjects:

MARC

Tag First Indicator Second Indicator Subfields
LEADER 00000cam a2200000 4500
001 in00000021457
005 20151007062323.0
008 751006s1942 nyu b 00010 eng d
010 |a  42010199  
035 |a (OCoLC)01678846 
035 |9 AAD4552AM 
040 |a DZM  |c DZM  |d TXA  |d UtOrBLW 
049 |a TXAM  |c [117846] 
050 0 |a PE1408  |b .G85 1942 
092 |a 808  |b G816c4 
100 1 |a Greever, Garland,  |d 1883-1967. 
245 1 4 |a The Century handbook of writing /  |c by Garland Greever and Easley S. Jones. 
250 |a 4th ed. 
264 1 |a New York :  |b Appleton-Century-Crofts,  |c [1942] 
264 4 |c [©1942] 
300 |a xvii, 364 pages ;  |c 18 cm. 
336 |a text  |b txt  |2 rdacontent 
337 |a unmediated  |b n  |2 rdamedia 
338 |a volume  |b nc  |2 rdacarrier 
500 |a Table on lining-paper. 
504 |a Bibliography: pages 302-304. 
650 0 |a English language  |x Rhetoric. 
700 1 |a Jones, Easley S.  |q (Easley Stephen),  |d 1884-1947. 
999 |a MARS 
999 f f |s 17a8a56f-a9b6-30a4-99e5-6bb9740a4e86  |i c4306ba6-be9f-3c1f-a986-baacabbcbf32  |t 0 
952 f f |p ric  |a Texas A&M University  |b Rellis Campus  |c Joint Library Facility  |d Remote Storage  |t 0  |e PE1408 .G85 1942  |h Library of Congress classification  |i unmediated -- volume  |m A14801193926 
998 f f |a PE1408 .G85 1942  |t 0  |l Remote Storage